Catálogo público

Normal view MARC view

Entry Nombre personal

Number of records used in: 1

001 - NÚMERO DE CONTROL

  • campo de control: 176072

003 - IDENTIFICADOR DEL NÚMERO DE CONTROL

  • campo de control: OSt

005 - FECHA Y HORA DE LA ÚLTIMA TRANSACCIÓN

  • campo de control: 20220601055031.0

008 - DATOS DE LONGITUD FIJA

  • campo de control de longitud fija: 220601|| aca||aabn | a|a d

040 ## - FUENTE DE LA CATALOGACIÓN

  • Centro catalogador/agencia de origen: OSt
  • Centro/agencia transcriptor: OSt

100 ## - ENCABEZAMIENTO-NOMBRE DE PERSONA

  • Nombre de persona: Vera, Lucía, tr.Ì

670 ## - FUENTE DE DATOS ENCONTRADOS

  • Cita de la fuente: Work cat.: (OSt)209510: Coriart, Benjamín 176069, Los desafios de la competitividad : seminario dictado en la Facultad de Ciencias Económicas de la Universidad de Buenos Aires en el mes de abril 1994 / Benjamín Coriat ; desgrabación y traducción Lucía Vera